|
|
|
|
| LEADER |
007680000a22002290004500 |
| 020 |
|
|
|a 81-7229-159-0
|
| 082 |
|
|
|a 920 GAN:350 K5
|
| 100 |
|
|
|a Gandhi, Mahatma; Author
|
| 100 |
|
|
|a Vyas, H M; Compiler
|
| 245 |
|
|
|a Gandhiji expects (what the Father of the Nation expected from people`s representatives)
|
| 250 |
|
|
|
| 260 |
|
|
|a Ahmedabad, Navjivan Publishing House
|
| 260 |
|
|
|c 1996
|
| 460 |
|
|
|a 190p
|
| 465 |
|
|
|a Rs.30.00
|
| 500 |
|
|
|
| 500 |
|
|
|a Mahatma Gandhi, compiled by H M Vyas
|
| 650 |
|
|
|a Gandhi, Mahatma-Public administration
|
| 650 |
|
|
|a Public administration
|
| 942 |
|
|
|c BK
|
| 999 |
|
|
|c 43959
|d 43959
|
| 952 |
|
|
|0 0
|1 0
|4 0
|6 920_000000000000000_GAN350_K5
|7 0
|8 ENG
|9 44606
|a MGUL
|b MGUL
|d 2013-07-16
|e Rs.30.00
|l 0
|o 920 GAN:350 K5
|p 42231
|r 2013-07-16
|w 2013-07-16
|y BK
|